A KILLING IN THE SUN (Record no. 9378)
[ view plain ]
| 000 -LEADER | |
|---|---|
| fixed length control field | 00331nam a22001217a 4500 |
| 005 - DATE AND TIME OF LATEST TRANSACTION | |
| control field | 20250901165810.0 |
| 008 - FIXED-LENGTH DATA ELEMENTS--GENERAL INFORMATION | |
| fixed length control field | 250324b |||||||| |||| 00| 0 eng d |
| 020 ## - INTERNATIONAL STANDARD BOOK NUMBER | |
| International Standard Book Number | 9789966062314 |
| 050 ## - LIBRARY OF CONGRESS CALL NUMBER | |
| Classification number | PR 9372.9 .D55 2014 |
| 245 ## - TITLE STATEMENT | |
| Title | A KILLING IN THE SUN |
| Statement of responsibility, etc. | DILA DILMAN |
| 260 ## - PUBLICATION, DISTRIBUTION, ETC. | |
| Linkage | 146 |
| Place of publication, distribution, etc. | SOUTH AFRICA |
| Name of publisher, distributor, etc. | BLACK LETTER MEDIA |
| Date of publication, distribution, etc. | 2016 |
| 942 ## - ADDED ENTRY ELEMENTS (KOHA) | |
| Source of classification or shelving scheme | Library of Congress Classification |
| Withdrawn status | Lost status | Source of classification or shelving scheme | Damaged status | Not for loan | Home library | Current library | Shelving location | Date acquired | Source of acquisition | Total checkouts | Full call number | Barcode | Date last seen | Price effective from | Koha item type | Collection |
|---|---|---|---|---|---|---|---|---|---|---|---|---|---|---|---|---|
| Library of Congress Classification | Main Library | Main Library | 03/24/2025 | Donation from KICD | PR 9372.9 .D55 2014 | PIUD0000293 | 03/24/2025 | 03/24/2025 | Books | |||||||
| Library of Congress Classification | Main Library | Main Library | 03/20/2025 | Donation from KICD | PR 9372.9 .D55 2014 | PIUD0000294 | 03/24/2025 | 03/24/2025 | Books |